ბათუმის შოთა რუსთაველის სახელმწიფო უნივერსიტეტის ბიბლიოთეკა

მჭერმეტყველების სწავლება : თავი მეათე = Institutio oratoria. Liber decimus / (ბიბ.ჩანაწერი № 55013)

000 -ლიდერი
ფიქსირებული სიგრძის საკონტროლო ველი 02375nam a2200337Ia 4500
001 - საკონტროლო ნომერი
საკონტროლო ველი 22084
003 - საკონტროლო ნომრის იდენტიფიკატორი
საკონტროლო ველი GE_BSU
005 - ბოლო ოპერაციის თარიღი და დრო
საკონტროლო ველი 20221020172653.0
008 - ფიქსირებული სიგრძის მონაცემთა ელემენტები - ზოგადი ინფორმაცია
ფიქსირებული სიგრძის საკონტროლო ველი 181216s ||||ge |||||||||||||| ||geo||
020 ## - წიგნის საერთაშორისო სტანდარტული ნომერი
International Standard Book Number 9789941437977
040 ## - კატალოგიზაციის წყარო
Transcribing agency GE_BSU
041 ## - ენის კოდი
Language code of text/sound track or separate title geo
080 ## - უნივერსალური ათობითი კლასიფიკაციის ინდექსი
Universal Decimal Classification number 808.5 კ-44
100 ## - მთავარი ჩანაწერი - პიროვნების სახელი
Personal name კვინტილიანუსი, მარკუს ფაბიუს
9 (RLIN) 15398
245 ## - ცნობა სათაურის შესახებ
Title მჭერმეტყველების სწავლება : თავი მეათე = Institutio oratoria. Liber decimus /
Statement of responsibility, etc მარკუს ფაბიუს ; ლათინურიდან თარგმნა ნინო ჩიხლაძემ ; რედაქტორი იამზე გაგუა.
264 ## - წარმოების, გამოცემის, დისტრიბუციის და სხვა ცნობები
გამოცემის, წარმოების, დისტრიბუციის... ადგილი თბილისი :
გამოცემის, წარმოების, დისტრიბუციის... სახელწოდება პროგრამა ”ლოგოსი”,
გამოცემის, წარმოების, დისტრიბუციის... თარიღი 2016.
300 ## - ფიზიკური აღწერა
Extent 150 გვ. ;
Dimensions 20 სმ.
490 ## - სერიის ცნობა
Series statement პროგრამა "ლოგოსი" : პუბლიკაციები და ღონისძიებები კლასიკური ფილოლოგიის, ბიზანტინისტიკისა და ნეოგრეცისტიკის სფეროში
501 ## - შენიშვნა თანმხლებ მასალაზე
With note შენიშვნები გვ. : 136-144
505 ## - FORMATTED CONTENTS NOTE
Formatted contents note სახელთა საძიებელი : გვ. 145-149
546 ## - LANGUAGE NOTE
Language note პარალელური თავფურცელი, ტექსტი ქართული და ლათინური ენებზე
653 ## - INDEX TERM--UNCONTROLLED
Uncontrolled term მჭერმეტყველება
653 ## - INDEX TERM--UNCONTROLLED
Uncontrolled term მჭერმეტყველების სწავლება
653 ## - INDEX TERM--UNCONTROLLED
Uncontrolled term Institutio oratoria
653 ## - INDEX TERM--UNCONTROLLED
Uncontrolled term Liber decimus
700 ## - ADDED ENTRY--PERSONAL NAME
Personal name ჩიხლაძე, ნინო
Relator term ლათინურიდან თარგმნა
9 (RLIN) 15399
700 ## - ADDED ENTRY--PERSONAL NAME
Personal name გაგუა, იამზე
Relator term რედაქტორი
9 (RLIN) 15400
710 ## - ADDED ENTRY--CORPORATE NAME
Corporate name or jurisdiction name as entry element ივანე ჯავახიშვილის სახელობის თბილისის სახელმწიფო უნივერსიტეტი
Subordinate unit კლასიკური ფილოლოგიის, ბიზანტინისტიკისა და ნეოგრეცისტიკის ინსტიტუტი
9 (RLIN) 13867
942 ## - ADDED ENTRY ELEMENTS (KOHA)
Koha item type წიგნი
Source of classification or shelving scheme
ეგზემპლარები
ჩამოწერის სტატუსი დაკარგული ეგზემპლარის სტატუსი კლასიფიკაციის წყარო ან თაროზე გაწყობის სქემა დაზიანების სტატუსი არ გაიცემა მუდმივი მდებარეობა (დაცვის ადგილი) ამჟამინდელი ადგილსამყოფელი თაროზე განთავსების ადგილი შეძენის თარიღი ღირებულება, შესყიდვის ნორმალური ფასი სრული შენახვის შიფრი შტრიხკოდი ბოლო ოპერაციის თარიღი ეგზემპლარის მიმდევრობითი ნომერი (კეტერი?) ფასის ძალაში შესვლის თარიღი ეგზემპლარის სახეობა საჯარო შენიშვნა
          ბათუმის შოთა რუსთაველის სახელმწიფო უნივერსიტეტის მთავარი ბიბლიოთეკა ბათუმის შოთა რუსთაველის სახელმწიფო უნივერსიტეტის მთავარი ბიბლიოთეკა წიგნსაცავი 2018-12-17 5.80 808.5 კ-44 56964 2018-12-17 56964 2018-12-17 წიგნი 5.80 ₾.
          ბათუმის შოთა რუსთაველის სახელმწიფო უნივერსიტეტის მთავარი ბიბლიოთეკა ბათუმის შოთა რუსთაველის სახელმწიფო უნივერსიტეტის მთავარი ბიბლიოთეკა წიგნსაცავი 2018-12-17 5.80 808.5 კ-44 56965 2018-12-17 56965 2018-12-17 წიგნი 5.80 ₾.
          ბათუმის შოთა რუსთაველის სახელმწიფო უნივერსიტეტის მთავარი ბიბლიოთეკა ბათუმის შოთა რუსთაველის სახელმწიფო უნივერსიტეტის მთავარი ბიბლიოთეკა   2018-12-17 5.00 808.5 კ-44 57389 2018-12-17 57389 2018-12-17 წიგნი 5.00 ₾.